00189nam a2200073Ia 4500008004100000100001500041245003900056260002000095180219s9999 xx 000 0 und d aRather A R 0aTheory And Principles Of Education aNew Delhi D P H